| 000 | 01201 a2200301 4500 | ||
|---|---|---|---|
| 003 | OSt | ||
| 005 | 20180116192354.0 | ||
| 008 | 120605t xxu||||| |||| 00| 0 eng d | ||
| 010 | _a 2005030865 | ||
| 020 | _a1592532233 (hardback) | ||
| 020 | _a9781592532230 | ||
| 035 | _a(OCoLC)ocm62133789 | ||
| 040 | _c0 | ||
| 082 | 0 | 0 | _a741.60688 |
| 100 | 1 |
_aEisenman, Sara. _93889 |
|
| 245 | 1 | 0 |
_aBuilding design portfolios : _binnovative concepts for presenting your work / _cSara Eisenman. |
| 260 |
_aGloucester, Mass. : _bRockport, _cc2006. |
||
| 300 |
_a192 p. : _bill. (chiefly col.) ; _c26 cm. |
||
| 490 | 0 | _aDesign field guides | |
| 650 | 1 | 0 |
_aArt portfolios _xDesign. _93890 |
| 650 | 1 | 0 |
_aGraphic arts _xMarketing. _93891 |
| 650 | 1 | 0 |
_aDesign services _xMarketing. _93892 |
| 856 | 4 | 1 |
_3Table of contents _uhttp://www.loc.gov/catdir/toc/ecip062/2005030865.html |
| 856 | 4 | 1 |
_3Publisher description _uhttp://www.loc.gov/catdir/enhancements/fy0661/2005030865-d.html |
| 856 | 4 | 1 |
_3Contributor biographical information _uhttp://www.loc.gov/catdir/enhancements/fy0737/2005030865-b.html |
| 942 |
_aSADA _cBK _k741.60688 EIS 2006 _2ddc |
||
| 999 |
_c353037 _d353037 |
||